| 000 | 00767nam a22002537a 4500 | ||
|---|---|---|---|
| 005 | 20170627144357.0 | ||
| 008 | 170627b xxu||||| |||| 00| 0 eng d | ||
| 020 |
_a9781138666719 _c995 |
||
| 040 | _beng | ||
| 041 | _aEnglish | ||
| 082 |
_a820(I) _bNAY |
||
| 245 |
_aCultural studies in India _cEdited by Rana Nayar, Pushpinder Syal and Akshaya Kumar |
||
| 250 | _aSouth Asia ed | ||
| 260 |
_aNew Delhi, London, New York _bRoutledge _c2016 |
||
| 300 |
_a303p _b24 cm |
||
| 504 | _aIncludes index and bibliographical references | ||
| 650 |
_aCulture _vStudy and teaching |
||
| 650 |
_aPopular culture _vStudy and teaching |
||
| 700 |
_4ed. _aNayar, Rana |
||
| 700 |
_4ed. _aSyal, Pushpinder |
||
| 700 |
_4ed. _aAkshaya Kumar |
||
| 850 | _aLCLIB | ||
| 942 | _cBK | ||
| 999 |
_c41095 _d91574 |
||